000 00819nas a2200265 4500
001 BR0803572
003 BR-BrBNA
005 20231205112305.0
007 ta
008 230509b bl.|||p| |||| 00| 00por d
040 _aBR-BrBNA
_bpor
_cBiblioteca Nacional de Agricultura
041 _a(Pt)
072 _aF50; F70
100 1 _aRocha, D.C.
100 1 _aRodella, R.A.
100 1 _aMartins, D.
245 1 _aCaracterização morfológica de espécies de trapoeraba (Commelina spp.)utilizando a análise multivariada
650 _aERVA DANINHA
650 _aTRAPOERABA
650 _aANATOMIA VEGETAL
650 _aTAXONOMIA VEGETAL
773 0 _tPlanta Daninha (Brazil)
_xISSN 0100-8358
_g(Oct-Dec 2007), v. 25(4) p. 671-678
_wBR0803572
909 _a202311
_bLúcia
_c55
_dLúcia Elande
942 _2AGRIS
_n0
_cANA
999 _c197216
_d197216